| 000 | 01228cam a2200241 4500 | ||
|---|---|---|---|
| 001 | J122811 | ||
| 008 | 030630n2003 000 0 eng u | ||
| 022 | _a1740-7567 | ||
| 035 | _a(Sirsi) u122811 | ||
| 041 | _aeng | ||
| 050 | _a690.068 | ||
| 100 | _aWong, Chee | ||
| 245 |
_aDeveloping a contractor classification model using a multivariate discriminate analysis approach _h[electronic resource] |
||
| 260 |
_aLondon _bRICS Foundation _c2003 |
||
| 490 |
_aRICS Foundation Research Papers _v4(20) |
||
| 520 | _aInvestigates contractor classification model method that links clients' selection aspirations and contractor performance. The research placed emphasis on investigation of clients' selection preferences ie Project-Specific Criteria (PSC) and their respective Levels of Importance Assigned (LIA) during tender evaluation for modelling a contractor performance classification model (good and poor groups). | ||
| 650 | _aBUILDING CONTRACTORS | ||
| 650 | _aBUILT ENVIRONMENT-BUILDING CONTRACT FORMS | ||
| 690 |
_aProcurement _96260 |
||
| 700 | _aHolt, Gary D. | ||
| 856 | 4 | 0 |
_uhttps://www.rics.org/Global/Downloads/DevelopingContractorClassificationModel200304.pdf _zView this item at www.rics.org |
| 942 | _n0 | ||
| 999 |
_c102936 _d102936 |
||